Септемврийски пламък [Изобразителен материал] (Запис номер 398684)
[ съкратено ]
| 000 -Лидер | |
|---|---|
| Контролно поле с фиксирана дължина | nkm a22 a 4500 |
| 003 - Код на организацията, давaща контролен номер | |
| Контролно поле | BLK |
| 005 - Дата и час на последна редакция | |
| Контролно поле | 20210216143206.0 |
| 008 - Елементи от данни с фиксирана дължина | |
| fixed length control field | 210216b bul rap|r|||| r0| ||bulo| |
| 040 ## - Източник на каталожния запис | |
| Идентификатор на билиотеката - собственик на записа | BLK |
| 041 ## - Код за език | |
| Код за езика на текст/звукозапис или на отделно заглавие | Български |
| Код за езика КДБФ | Български |
| 080 ## - УДК | |
| Текстов определител УДК | Регионална география 913 |
| УДК код - определител по УДК | 913 |
| УДК определител | (497.2)-32 |
| УДК - код + определител | 913(497.2)-32 |
| 139 ## - Редно поле | |
| Редна дума | Септемврийски пламък [Изобразителен материал] |
| 245 ## - Сведения за заглавието | |
| Заглавие | Септемврийски пламък [Изобразителен материал] |
| Подзаглавни данни | Михайловградски окръг : [албум] |
| Редно поле (дума) | Анастас Първанов ; худож. Димитър Карталев |
| 257 ## - Страна на издаване | |
| Страна на създаване/издаване | България |
| 260 ## - Област на издателските данни | |
| Име на издателя, разпространителя и проч. | София прес |
| Година на издаване | 1983 |
| Място на издаване, разпространение и проч. | София |
| 9 (RLIN) | 217133 |
| 300 ## - Физическа характеристика | |
| Страници | 1 албум (112 с.) : с ил. ; 28 см |
| 380 ## - Жанр | |
| Жанр | Изкуство |
| 500 ## - Общи забележки | |
| Забележка | Името на авт. отбелязано в изд. каре <br/>Парал. текст на рус., нем. ез. <br/>Офс. изд. <br/>15 182 тир. |
| 653 #0 - Ключова дума – ненормативна | |
| Ключова дума | снимкови албуми |
| 9 (RLIN) | 401783 |
| 653 #7 - Ключова дума – ненормативна | |
| Ключова дума | албуми |
| 9 (RLIN) | 180586 |
| 852 ## - Местоположение | |
| Форматна сигнатура | Цб ІІ 26829 |
| Фондова буква | Хранилище |
| 999 ## - СИСТЕМНИ КОНТРОЛНИ НОМЕРА | |
| Koha biblionumber | 398684 |
| Koha biblioitemnumber | 398684 |
| 942 ## - АРТИКУЛИ | |
| Вид на библиотечния материал | Графични издания |
| Скрит в OPAC | Не |
| Периодичен библиозапис | Да |
| 944 ## - СЪЗДАВАНЕ И РЕДАКЦИЯ на ЗАПИСА | |
| Създаване/Редакция | Създаване |
| Дата на регистрацията/редакция | 2021-02-16 |
| Код за отписване | Код за изгубен артикул | Източник на класификационната схема | Код за повреда | Коз за рестрикции | Код за отдаване | Артикулен № | Име на библиотеката - собственик | Име на библиотеката, в която се намира в момента | Статус (Текущо местоположение) | Дата на вписване в системата | Местоположение - отдел | Цена в лева | Инвентарен номер | Систематично азбучна сигнатура | Баркод | Цена в евро | Служебен тип на артикула |
|---|---|---|---|---|---|---|---|---|---|---|---|---|---|---|---|---|---|
| Не е изгубен | Universal Decimal Classification | Не е повреден | само за читалня | ползва се в читалня | 812663 | Регионална библиотека "Любен Каравелов" Русе | Регионална библиотека "Любен Каравелов" Русе | Хранилище | 2021-02-17 | Хранилище | 5.00 | 389854 | Цб ІІ 26829 | 120000389854 | 2.56 | Графични издания |